जाहिरात कशी करावी - जाहिरात शास्त्र (Record no. 404124)

MARC details
000 -LEADER
fixed length control field 00595nam a2200145Ia 4500
008 - FIXED-LENGTH DATA ELEMENTS--GENERAL INFORMATION
fixed length control field 100122s9999 xx 000 0 und d
082 ## - DEWEY DECIMAL CLASSIFICATION NUMBER
Item number 13293
Classification number 659.1
100 ## - MAIN ENTRY--PERSONAL NAME
Personal name रानडे स अ
245 ## - TITLE STATEMENT
Title जाहिरात कशी करावी - जाहिरात शास्त्र
260 ## - PUBLICATION, DISTRIBUTION, ETC. (IMPRINT)
Name of publisher, distributor, etc स.अ.रानडे
Date of publication, distribution, etc 1965
300 ## - PHYSICAL DESCRIPTION
Extent 63
630 ## - SUBJECT ADDED ENTRY--UNIFORM TITLE
Uniform title जाहिरात कशी करावी - जाहिरात शास्त्र
730 ## - ADDED ENTRY--UNIFORM TITLE
Uniform title जाहिरात कशी करावी - जाहिरात शास्त्र
942 ## - ADDED ENTRY ELEMENTS (KOHA)
Koha item type Book

No items available.